| 000 | 01008nam a2200301 i 4500 | ||
|---|---|---|---|
| 001 | 000004535 | ||
| 003 | DO-SdBNP | ||
| 005 | 20250716103728.0 | ||
| 007 | ta | ||
| 008 | 090723s2006 dr 001 0 spa d | ||
| 020 | _a9993462454 | ||
| 040 |
_aDO-SdBNP _bspa _cBNPHU _erda |
||
| 082 | 4 |
_a972.93053 _bG633c, 2006 _222 |
|
| 100 | 1 |
_aGómez Ocho, Delio, _eautor _985774 |
|
| 245 | 1 | 0 |
_aConstanza, Maimón y Estero Hondo : _bla victoria de los caídos / _c Delio Gómez Ochoa |
| 250 | _a2da. edición | ||
| 264 |
_aSanto Domingo : _bUniversitaria. _c2006. |
||
| 300 |
_a308 paginas : _bilustraciones ; _c22 cm. |
||
| 336 |
_2rdacontent _atexto _btxt |
||
| 337 |
_2rdamedia _asin mediación _bn |
||
| 338 |
_2rdacarrier _avolumen _bnc |
||
| 590 | _aInventariado, 2023 / DG | ||
| 650 | 4 |
_aGuerrillas _zRepública Dominicana _xHistoria _97270 |
|
| 651 | 4 |
_aRepública Dominicana _xHistoria _yInvasión , 1959 _97269 |
|
| 651 | 4 |
_aRepública Dominicana _xHistoriografía _91457 |
|
| 910 | _aDG | ||
| 942 |
_2ddc _cLBS1 |
||
| 999 |
_c53712 _d53712 |
||